00684nam a2200229 a 4500001001300000003000900013005001700022008004100039020002300080082001300103100002000116245003600136260004200172300000900214500003500223505002700258650002500285902000800310942000700318952011400325999001500439nice12345678IN_TiNIC20260116012251.0050524s1987 loua grp 000 0 eng  a0664615 c10000a291bHAI aHaines, Byron L aChristians and Muslims Together aLouisvillebWestminister Press c1987 a130p aincludes index and biblioraphy2 aGlossary, Bibliography aComparative Religion bSRS cBK 001040708StackRoom-aHMIbHMId2008-04-09g100.00l0o291 HAIp013666r2008-04-09v100.00w2005-05-24yBK c6316d6316